00539nam a2200145 i 4500001000700000003000900007005001700016007000300033008004100036245013600077260007500213300002800288710005500316852002200371146319ES-MaACL20230906201506.0t|070906s1954 ho ||||1| spa d00aTratados Internacionales b: Tomo I, Periodo Colonial, República Federal de Centro America y Tratados bilaterales con Costa Rica. aTegucigalpa (Honduras) : bSecretaria de Relaciones Exteriores,c1954. a515 p., 5 h. ; c31 cm.1 aHonduras. bSecretaría de Relaciones Exteriores. aES-MaACLjC-56537